Rosé - APT. (with Bruno Mars) (Lyrics) - Statistics

General Stats
  • This quiz has been taken 230 times
  • The average score is 246 of 333
Answer Stats
Answer % Correct
a
100%
APT.
97%
I
91%
you
90%
you,
90%
to
89%
kiss
87%
me
87%
do
85%
Don't
83%
face,
82%
face
82%
go
82%
want
82%
like
81%
my
81%
the
81%
crazy
80%
Kissy
80%
kissy
80%
but
79%
need
79%
now?
79%
now
79%
on,
79%
on)
79%
on
79%
tomorrow,
79%
your
79%
baby?
78%
at
77%
Game
77%
game
77%
I'm
77%
uh,
77%
Uh,
77%
(Uh,
77%
All
75%
all
75%
meet
75%
phone,
75%
tonight,
75%
what
74%
yeah
74%
Yeah,
74%
yeah,
74%
for
73%
is
73%
Red
73%
red
73%
Sleep
73%
just
72%
Just
72%
lips
71%
real
71%
so
69%
hearts,
68%
hearts
68%
Sent
67%
start
67%
oh
65%
That's
65%
gotta
64%
can
63%
feel,
62%
somethin'
62%
Come
60%
(Come
60%
give
58%
tryna
54%
way
52%
It's
50%
it's
50%
know
49%
whatever
49%
(Whatever),
49%
(Whatever)
49%
Hold
47%
hold
47%
club
46%
this
46%
get
45%
ready?
45%
Are
44%
Turn
44%
night
43%
party
42%
up?
41%
'Cause
40%
into
39%
what's
38%
drink',
37%
ya,
37%
ya
37%
comin'
35%
talkin'
34%
uh-uh,
34%
smoke,
33%
uh-huh,
33%
uh-huh
33%
(Uh-huh,
33%
uh-huh)
33%
dance,
30%
freak,
29%
girl,
27%
Hey,
26%
oh-oh,
18%
Oh-oh,
18%
(Woo)
6%
No matching quizzes found
Score Distribution
Percent of People with Each Score
Percentile by Number Answered
Your Score History
You have not taken this quiz